01627cam a22003495a 4500999001700000001000900017005001700026008004100043010001700084020001500101035002300116040003000139042001400169050002300183100001800206245008500224246002600309246003200335246003500367260005500402300002900457490002400486500009500510500004300605504006400648505028000712650003100992650004901023906004501072942003401117952012601151 c26942d269421359210420170207093735.0040513s2003 nyua b 001 0 eng d a 2004272693 a0439280389 a(OCoLC)ocm51480866 aXSNcXSNdUV$dOCLCQdDLC alccopycat00aLB1576b.C846 20031 aCulham, Ruth.10a6 + 1 traits of writing :bthe complete guide grades 3 and up /cby Ruth Culham.3 a6+1 traits of writing3 aSix + one traits of writing3 aSix plus one traits of writing aNew York :bScholastic Professional Books,cc2003. a304 p. :bill. ;c24 cm.1 aTheory and practice a"Everything you need to teach and assess student writing with this powerful model"--Cover. a"Foreword by Beverly Ann Chin"--Cover. aIncludes bibliographical references (p. 261-263) and index.0 aThe traits -- Ideas: digging for sapphires -- Organization: herding cats -- Voice: finding the golden thread -- Word choice: learning the lingo -- Sentence fluency: listening to the page -- Conventions: minding your table manners -- Presentation: rolling out the welcome mat. 0aLanguage arts (Elementary) 0aEnglish languagexComposition and exercises. a7bcbcccopycatd2encipf20gy-gencatlg 2lcccBOOKShLB 1576 .C85 1995 00102lcc4070aMUCbMUCcTECHd2017-02-07eDonation (B.F.A)l0oLB 1576 .C85 1995p33344r2018-06-08w2017-02-07yBOOKS